000 00655nam a2200217Ii 4500
003 JO-AjNU
008 230606s9999||||xx |||||||||||||| ||und||
020 _a978-0-415-52378-3/978-1-136-79840-3
040 _aJO-AjNU
_beng
_erda
_cJO-AjNU
041 _aeng
050 1 4 _aG155 2013
100 3 _aMinnaertK LynnK Maitland, Robert and Miller, Graham,
_eauthor
_94651
245 0 0 _aSocial Tourism: perspectives and potential
250 _a1 ed
264 3 1 _alondon: Routledge, 2013
300 _a123p
336 _atext
_btxt
_2rdacontent
337 _aunmediated
_bn
_2rdamedia
338 _avolume
_bnc
_2rdacarrier
650 4 _aSocial Tourism
_94652
999 _aE2411
_c2409
_d2409